| 000 | 00777nam a2200217 4500 | ||
|---|---|---|---|
| 001 | 131762 | ||
| 003 | ES-MaACL | ||
| 005 | 20260113130501.0 | ||
| 007 | t| | ||
| 008 | 070214s1905 sp r ||||1| spa d | ||
| 080 | _a821.134.2-34"19" | ||
| 100 | 1 |
_aRodríguez Marín, Francisco, _d1855-1943 _998634 |
|
| 245 | 1 | 0 |
_aChilindrinas : _bcuentos, artículos y otras bagatelas / _cde Francisco Rodríguez Marín (el Br. Francisco de Osuna) [seud.]. |
| 260 |
_aSevilla : _b[s.n.], _c1905 ( _fEstab. Tip. de El Progreso) |
||
| 300 |
_a274 p. ; _c19 cm. |
||
| 530 | _aDisponible en formato digital. | ||
| 852 |
_aES-MaACL _jF-10751 _cSPP2 |
||
| 856 | 4 |
_uhttps://archive.org/details/chilindrinascuen00rodr _y(Internet Archive) |
|
| 942 | _2udc | ||
| 999 |
_c131762 _d131762 |
||